[Event "Miedzyzdroje OB Seniors 24th"]
[Site "Miedzyzdroje"]
[Date "2016.06.19"]
[Round "3"]
[White "Pak, Klim"]
[Black "Thielemann, Joachim"]
[Result "1-0"]
[WhiteElo "1715"]
[BlackElo "1870"]
[PlyCount "58"]
[EventDate "2016.06.17"]
[EventType "swiss"]
[EventRounds "9"]
[EventCountry "POL"]
[SourceTitle "EXT 2019"]
[Source "ChessBase"]
[SourceDate "2018.10.10"]
[SourceVersion "1"]
[SourceVersionDate "2018.10.10"]
[SourceQuality "1"]

1. d4 Nf6 2. c4 e5 3. dxe5 Ng4 4. Nf3 Bb4+ 5. Bd2 Qe7 6. a3 Bxd2+ 7. Qxd2 Nxe5 8. Nxe5 Qxe5 9. Nc3 0-0 10. f4 Qe6 11. e4 c6 12. Be2 Na6 13. b4 Re8 14. 0-0 b6 15. f5 Qf6 16. Rae1 Nc7 17. Bf3 Rb8 18. g4 h6 19. Re2 Re7 20. Rg2 Bb7 21. g5 hxg5 22. Rxg5 d5 23. exd5 cxd5 24. Nxd5 Bxd5 25. cxd5 Rd8 26. Qf4 Qe5 27. Rg4 Qe3+ 28. Kg2 Qxf4 29. Rxf4 Red7 1-0